[Event "Summer Team Tournament 2020"]
[Site "Skype"]
[Date "????.??.??"]
[Round "2"]
[White "Torres, Vicky"]
[Black "Perez, Luis Horacio"]
[Result "1-0"]
[WhiteElo "1256"]
[BlackElo "1327"]
[PlyCount "109"]

1. c4 Nf6 2. Nc3 g6 3. d4 Bg7 4. Nf3 d6 5. e4 Nbd7 6. Bd3 c6 7. O-O O-O 8. Ne2
e5 9. dxe5 Nxe5 10. Nxe5 dxe5 11. Ng3 Be6 12. Be3 Ng4 13. Bc5 Re8 14. b3 b6 15.
Ba3 c5 16. Qc2 a5 17. Rad1 Qc8 18. Be2 Nh6 19. Bc1 f5 20. exf5 Nxf5 21. Nxf5
Bxf5 22. Qd2 Ra7 23. Bf3 e4 24. Qd5+ Kh8 25. Be2 Rd7 26. Bf4 Rxd5 27. Rxd5 Qe6
28. Bc7 Bf8 29. h3 Rc8 30. Be5+ Bg7 31. Bxg7+ Kxg7 32. Rfd1 Rf8 33. Rd7+ Kh6
34. R7d6 Qd5 35. cxd5 b5 36. a3 b4 37. axb4 axb4 38. Rc6 Kg5 39. Rxc5 h5 40. g4
hxg4 41. hxg4 Bxg4 42. d6+ Kf4 43. Bxg4 Kxg4 44. d7 g5 45. d8=Q Rxd8 46. Rxd8
Kf4 47. Rf8+ Kg4 48. Rc4 Kh5 49. Rxe4 Kh6 50. Rf6+ Kh5 51. Kg2 g4 52. Kg3 Kg5
53. Rb6 Kf5 54. Rf4+ Ke5 55. Rbxb4 1-0

[Event "Summer Team Tournament 2020"]
[Site "Skype"]
[Date "????.??.??"]
[Round "2"]
[White "Chavez, Isidro"]
[Black "Zequeda, Javier"]
[Result "0-1"]
[WhiteElo "1192"]
[BlackElo "1000"]
[PlyCount "160"]

1. e4 c5 2. Bc4 e6 3. Qf3 Nc6 4. d3 Nf6 5. Ne2 Be7 6. Ng3 Nd4 7. Qd1 d5 8. Bb3
dxe4 9. dxe4 Nxb3 10. Qxd8+ Bxd8 11. axb3 O-O 12. Nc3 a6 13. Be3 Bc7 14. Bxc5
Re8 15. Nge2 Bd7 16. O-O Rac8 17. b4 Bc6 18. f3 Rcd8 19. Rfd1 Rc8 20. Nd4 Be5
21. Nxc6 Rxc6 22. Rab1 Rec8 23. Na4 Bc7 24. b3 h5 25. c4 b6 26. Be7 b5 27. Nb2
Be5 28. c5 h4 29. Nd3 Bc3 30. Bxf6 Bxf6 31. h3 Bc3 32. Rbc1 Bd4+ 33. Kh1 f5 34.
e5 Rf8 35. f4 Kh7 36. Rc2 Kh6 37. Ne1 Be3 38. Nf3 Bxf4 39. Re2 g5 40. Nd4 Rd8
41. Ree1 Rcc8 42. Nxe6 Rxd1 43. Rxd1 Bxe5 44. Rd5 Bc3 45. Rxf5 Bxb4 46. Rxg5
Re8 47. Re5 Bxc5 48. Nxc5 Rxe5 49. Nxa6 Re3 50. Nc5 Rc3 51. b4 Rc4 52. Na6 Kg5
53. Kh2 Kf4 54. Kg1 Kg3 55. Kf1 Rc1+ 56. Ke2 Rc2+ 57. Kd3 Rxg2 58. Nc7 Kxh3 59.
Nxb5 Kg3 60. Nc3 h3 61. b5 h2 62. b6 h1=Q 63. b7 Qh7+ 64. Ne4+ Kf3 65. b8=Q
Qxe4+ 66. Kc3 Qc2+ 67. Kd4 Rd2+ 68. Ke5 Qc5+ 69. Ke6 Re2+ 70. Kd7 Qe7+ 71. Kc6
Rc2+ 72. Kd5 Qe4+ 73. Kd6 Rc6+ 74. Kd7 Qe6+ 75. Kd8 Qg8+ 76. Kd7 Qd5+ 77. Ke7
Re6+ 78. Kf7 Qf5+ 79. Kg8 Rg6+ 80. Kh7 Qh5# 0-1

[Event "Summer Team Tournament 2020"]
[Site "Skype"]
[Date "????.??.??"]
[Round "2"]
[White "Yeter, Orhan"]
[Black "Mayor Martinez, Juan Jose"]
[Result "1-0"]
[WhiteElo "1632"]
[BlackElo "1882"]
[PlyCount "89"]

1. e4 c5 2. d4 cxd4 3. c3 dxc3 4. Nxc3 e6 5. Bc4 Nc6 6. Qe2 a6 7. Nf3 Qc7 8.
O-O Be7 9. Rd1 b5 10. Bb3 Bb7 11. Bg5 Rd8 12. Rac1 Bxg5 13. Nxg5 Nf6 14. Nd5
Qb8 15. Nc3 h6 16. Nf3 Ne5 17. h3 Nxf3+ 18. Qxf3 O-O 19. Bc2 d5 20. exd5 Nxd5
21. Nxd5 Bxd5 22. Qd3 f5 23. Qe3 Qb7 24. Bb3 f4 25. Bxd5 exd5 26. Qe6+ Kh8 27.
Rc5 d4 28. Qe5 d3 29. Rc7 Qxc7 30. Qxc7 Rd4 31. Qa7 Rfd8 32. Qxa6 d2 33. Qxb5
Re4 34. Kf1 Rde8 35. Qxe8+ Rxe8 36. Rxd2 Rc8 37. b4 Rc1+ 38. Ke2 Rb1 39. a3 Rb3
40. Ra2 Kg8 41. Kd2 Rb1 42. Kc2 Rf1 43. Kc3 Rc1+ 44. Kd4 Kf7 45. b5 1-0

[Event "Summer Team Tournament 2020"]
[Site "Skype"]
[Date "????.??.??"]
[Round "2"]
[White "Solis, Manuel"]
[Black "Aghaee, Samira"]
[Result "0-1"]
[WhiteElo "1481"]
[BlackElo "1131"]
[PlyCount "62"]

1. e4 e5 2. Nf3 Nc6 3. c3 Nf6 4. d4 d6 5. d5 Ne7 6. Qc2 Ng6 7. Bc4 Be7 8. O-O
O-O 9. Nbd2 h6 10. h3 Nh5 11. Bd3 Nhf4 12. Nb3 Nxd3 13. Qxd3 c6 14. dxc6 bxc6
15. Bd2 Be6 16. c4 d5 17. cxd5 cxd5 18. exd5 Bxd5 19. Nh2 e4 20. Qe2 Rc8 21.
Bc3 Bc4 22. Qxe4 Bxf1 23. Nxf1 Bg5 24. Nd4 Re8 25. Qg4 Bf6 26. Ne3 Ne5 27. Qh5
Nc4 28. Nef5 Bxd4 29. Bxd4 Qg5 30. Qf3 Nd2 31. h4 Nxf3+ 0-1

[Event "Summer Team Tournament 2020"]
[Site "Skype"]
[Date "????.??.??"]
[Round "2"]
[White "Balci Gungor, Ayca"]
[Black "Luna, Lorenzo"]
[Result "0-1"]
[WhiteElo "1070"]
[BlackElo "1341"]
[PlyCount "84"]

1. e4 c5 2. d3 Nc6 3. Be3 g6 4. Nf3 d6 5. h3 Bg7 6. Nc3 Nd4 7. Qd2 e6 8. Bg5
Nxf3+ 9. gxf3 Bf6 10. Rg1 Bd7 11. O-O-O Qb6 12. Bxf6 Nxf6 13. d4 a6 14. Bc4 Qc7
15. Rge1 b5 16. e5 cxd4 17. Qxd4 bxc4 18. exf6 d5 19. Nxd5 Qc6 20. f4 Rd8 21.
Qb6 Qxb6 22. Nxb6 Bb5 23. Nd5 O-O 24. Ne7+ Kh8 25. Rxd8 Rxd8 26. h4 h6 27. h5
gxh5 28. Rh1 Kh7 29. Rxh5 Rd4 30. f3 Rxf4 31. Rh3 Rxf6 32. Rg3 h5 33. Ng8 Rg6
34. Rh3 Kxg8 35. Rxh5 Rg1+ 36. Kd2 Rg2+ 37. Kc3 Rg3 38. b3 Rxf3+ 39. Kb2 c3+
40. Ka3 Rf2 41. Rg5+ Kf8 42. Rg1 Rxc2 0-1

[Event "Summer Team Tournament 2020"]
[Site "Skype"]
[Date "????.??.??"]
[Round "2"]
[White "Ruiz Aguilera, Juan Jesus"]
[Black "Aghaee, Shirin"]
[Result "1-0"]
[WhiteElo "1083"]
[BlackElo "1000"]
[PlyCount "107"]

1. e4 c6 2. c4 d5 3. cxd5 cxd5 4. exd5 Nf6 5. Bc4 Nxd5 6. Bxd5 Qxd5 7. Qf3 Qxf3
8. Nxf3 Bf5 9. O-O e6 10. d4 Bd6 11. Be3 O-O 12. Nc3 a6 13. a3 Nd7 14. Rac1
Rac8 15. h3 Nb6 16. Nd2 Nd5 17. Nxd5 Rxc1 18. Rxc1 exd5 19. Nb3 Re8 20. Nc5 h6
21. Nxb7 Bb8 22. Rc6 Re7 23. Nd6 Bd7 24. Rxa6 Bc7 25. Bf4 Re1+ 26. Kh2 Bb5 27.
Nxb5 Bxf4+ 28. g3 Bc1 29. b4 Re2 30. Kg2 Rc2 31. Rd6 Bd2 32. Rxd5 Be1 33. Rf5
g6 34. Rf3 Rc4 35. d5 Re4 36. Re3 f5 37. Rxe4 fxe4 38. d6 Kf7 39. Kf1 Bd2 40.
Ke2 Bc1 41. f3 e3 42. a4 Bd2 43. a5 Bxb4 44. a6 Bc5 45. a7 Bxa7 46. Nxa7 Ke8
47. Nb5 Kd7 48. Kxe3 Ke8 49. Ke4 Kd7 50. Ke5 g5 51. Kf6 Kc6 52. Kf7 Kd7 53. Kg6
Kd8 54. Kxh6 1-0

[Event "Summer Team Tournament 2020"]
[Site "Skype"]
[Date "????.??.??"]
[Round "2"]
[White "Gerbaux, Regis"]
[Black "Vasquez Giraldo, Yobani"]
[Result "1-0"]
[WhiteElo "1334"]
[BlackElo "1150"]
[PlyCount "55"]

1. d4 c6 2. Bf4 d5 3. e3 Nf6 4. Nf3 Bf5 5. Bd3 Bxd3 6. Qxd3 e6 7. c3 Qb6 8. Qc2
Nbd7 9. Nbd2 Rc8 10. Ne5 Nxe5 11. dxe5 Ne4 12. Nxe4 dxe4 13. b3 f5 14. exf6
gxf6 15. Qxe4 c5 16. O-O f5 17. Qa4+ Rc6 18. Qc4 Rg8 19. Rad1 Be7 20. Qd3 Kf7
21. e4 Rd8 22. Qh3 Rh8 23. Qh5+ Kg8 24. Rd3 e5 25. Rg3+ Rg6 26. Bxe5 Rxg3 27.
Qe8+ Bf8 28. fxg3 1-0

[Event "Summer Team Tournament 2020"]
[Site "Skype"]
[Date "????.??.??"]
[Round "2"]
[White "Bagayatkar, Madan"]
[Black "Mulrooney, Justin"]
[Result "1-0"]
[WhiteElo "1443"]
[BlackElo "1635"]
[PlyCount "73"]

1. e4 e5 2. Nf3 Nc6 3. Bb5 d6 4. c3 Nf6 5. Be2 Be7 6. d4 exd4 7. cxd4 Nxe4 8.
d5 Ne5 9. Qa4+ Bd7 10. Qxe4 O-O 11. Nxe5 dxe5 12. O-O Bd6 13. Nc3 f5 14. Qc2 f4
15. Bf3 Qh4 16. Ne4 g5 17. g3 Qh6 18. Qe2 a6 19. a4 b5 20. b3 Qg6 21. Nxd6 cxd6
22. Bg4 Bxg4 23. Qxg4 h5 24. Qe2 f3 25. Qe3 Rf4 26. axb5 Raf8 27. Rxa6 Re4 28.
Qxg5 Qxg5 29. Bxg5 Rb4 30. Rxd6 Rxb5 31. h3 Rxb3 32. Re6 Rf5 33. h4 Rd3 34. d6
Kf7 35. Re7+ Kf8 36. Rd7 e4 37. Ra1 1-0

[Event "Summer Team Tournament 2020"]
[Site "Skype"]
[Date "????.??.??"]
[Round "2"]
[White "Gadow, Martin"]
[Black "Navghane, Rahul"]
[Result "0-1"]
[WhiteElo "1530"]
[BlackElo "1527"]
[PlyCount "44"]

1. Nf3 Nf6 2. d4 d5 3. e3 Bf5 4. Nbd2 e6 5. c4 Be7 6. cxd5 exd5 7. Be2 O-O 8.
O-O a6 9. Nh4 Be6 10. Bd3 Ne4 11. Nhf3 Nf6 12. Ne5 Bd6 13. f4 h6 14. Ndf3 Ne4
15. Nd2 f5 16. Nxe4 fxe4 17. Be2 Nd7 18. Bd2 Qf6 19. Bc3 g5 20. fxg5 Qxg5 21.
Qd2 Nxe5 22. Rf4 Nc4 0-1

[Event "Summer Team Tournament 2020"]
[Site "Skype"]
[Date "????.??.??"]
[Round "2"]
[White "Mhabdi, Mahesh"]
[Black "Pourtahmasbi, Ednun"]
[Result "1-0"]
[WhiteElo "1296"]
[BlackElo "1305"]
[PlyCount "41"]

1. e4 e5 2. Nf3 Nc6 3. Bb5 Nf6 4. d3 Bd6 5. Nc3 Nd4 6. Bc4 Nxf3+ 7. Qxf3 Bb4 8.
Bd2 d6 9. h3 Qe7 10. a3 Bxc3 11. Bxc3 Be6 12. Bd5 O-O-O 13. b3 Bxd5 14. exd5 e4
15. dxe4 Rhg8 16. O-O-O Nxe4 17. Rhe1 Qg5+ 18. Kb1 Nxc3+ 19. Qxc3 Qxg2 20. Re7
Rde8 21. Qxc7# 1-0

[Event "Summer Team Tournament 2020"]
[Site "Skype"]
[Date "????.??.??"]
[Round "2"]
[White "Dib, Catherine"]
[Black "Tupe, Jyoti"]
[Result "1-0"]
[WhiteElo "1070"]
[BlackElo "1048"]
[PlyCount "63"]

1. Nf3 Nc6 2. c4 e5 3. d3 Bc5 4. g3 d6 5. Bg2 Nf6 6. Nbd2 O-O 7. O-O h6 8. b3
Re8 9. e4 a6 10. a3 b5 11. Bb2 bxc4 12. dxc4 Nd4 13. b4 Bb6 14. Rc1 Nxf3+ 15.
Bxf3 Bg4 16. Bxg4 Bd4 17. Bxd4 exd4 18. Re1 g6 19. Bf3 c5 20. e5 Rxe5 21. Bxa8
Qxa8 22. Rxe5 dxe5 23. bxc5 Nd7 24. Nf3 f6 25. Qe2 d3 26. Qxd3 e4 27. Qxd7 exf3
28. Re1 Kf8 29. Qe7+ Kg8 30. Qxf6 h5 31. Re7 Qd8 32. Qg7# 1-0

[Event "Summer Team Tournament 2020"]
[Site "Skype"]
[Date "????.??.??"]
[Round "2"]
[White "Casey, Eamonn"]
[Black "Cuellar, Jose Gabriel"]
[Result "1-0"]
[WhiteElo "1671"]
[BlackElo "1686"]
[PlyCount "75"]

1. d4 Nf6 2. c4 g6 3. Nc3 Bg7 4. e4 d6 5. Be2 O-O 6. Nf3 Nbd7 7. O-O c5 8. d5
Re8 9. h3 Nf8 10. Be3 e6 11. Qd2 exd5 12. exd5 N6d7 13. Rac1 Ne5 14. Nxe5 Bxe5
15. Bd3 f5 16. Rfe1 a6 17. Bg5 Qa5 18. Bf6 Bd7 19. Bxe5 dxe5 20. Be2 Qc7 21. d6
Qd8 22. Nd5 Ne6 23. Ne7+ Kg7 24. Qd5 Kf6 25. Qxb7 Rxe7 26. dxe7 Kxe7 27. Qd5
Kf6 28. Rcd1 Be8 29. Qxd8+ Rxd8 30. Rxd8 Nxd8 31. Rd1 Ne6 32. Rd6 a5 33. Bd1 e4
34. Ra6 Ke5 35. Rxa5 f4 36. Bg4 e3 37. fxe3 fxe3 38. Bxe6 1-0

[Event "Summer Team Tournament 2020"]
[Site "Skype"]
[Date "????.??.??"]
[Round "2"]
[White "Aceituno, Stebe"]
[Black "Mordaa, Ahmad"]
[Result "0-1"]
[WhiteElo "1590"]
[BlackElo "1571"]
[PlyCount "88"]

1. Nf3 Nf6 2. b3 d5 3. Bb2 Bf5 4. g3 e6 5. Bg2 Nbd7 6. d3 c5 7. Nbd2 Be7 8. O-O
O-O 9. Re1 Bg6 10. c4 d4 11. Nf1 Qc7 12. e3 dxe3 13. Nxe3 Rad8 14. d4 cxd4 15.
Nxd4 Bc5 16. Nb5 Qb6 17. Qe2 a6 18. Na3 Nb8 19. Rad1 Nc6 20. Bxf6 gxf6 21. Qb2
Bd4 22. Qc1 Ne5 23. Nac2 Bxe3 24. Nxe3 Nd3 25. Rxd3 Rxd3 26. Ng4 Qd4 27. Bxb7
Qxg4 28. Bg2 Rfd8 29. h3 Qg5 30. Qa3 Rd1 31. Rxd1 Rxd1+ 32. Kh2 Qd2 33. Qc5
Qxa2 34. b4 Rd2 35. Kg1 Qb1+ 36. Kh2 Qf5 37. Qe3 Qd3 38. Qxd3 Bxd3 39. c5 Bb5
40. Kg1 Rc2 41. f4 Kf8 42. Be4 Rc4 43. Bxh7 Rxb4 44. Be4 Rxe4 0-1

[Event "Summer Team Tournament 2020"]
[Site "Skype"]
[Date "????.??.??"]
[Round "2"]
[White "Borg, Anthony"]
[Black "Rodriguez, Liliana"]
[Result "1-0"]
[WhiteElo "1236"]
[BlackElo "1000"]
[PlyCount "69"]

1. e4 e5 2. Nf3 Nc6 3. d3 Nf6 4. Be3 h6 5. Nbd2 Bb4 6. Qe2 d6 7. O-O-O Be6 8.
a3 Ba5 9. h4 a6 10. h5 b5 11. d4 b4 12. axb4 Bxb4 13. d5 Nd4 14. Bxd4 Bg4 15.
Be3 O-O 16. Qc4 c6 17. dxc6 Bxd2+ 18. Rxd2 Be6 19. Qa4 a5 20. Nxe5 dxe5 21.
Rxd8 Rfxd8 22. Bd3 Rd6 23. Bc5 Rdd8 24. c7 Rdc8 25. Bd6 Ng4 26. Be2 Nxf2 27.
Rf1 Nd3+ 28. Bxd3 g6 29. hxg6 fxg6 30. Bxe5 Kh7 31. Rf6 Re8 32. Bd6 h5 33. e5
Bg4 34. Bxg6+ Kg7 35. Bxe8 1-0

[Event "Summer Team Tournament 2020"]
[Site "Skype"]
[Date "????.??.??"]
[Round "2"]
[White "Guevara, Lizbeth"]
[Black "Abdulrazzaq, Mohsen"]
[Result "0-1"]
[WhiteElo "1000"]
[BlackElo "1000"]
[PlyCount "38"]

1. e4 c5 2. Nf3 Nc6 3. Bc4 Nf6 4. Ng5 e6 5. d3 d5 6. Nxf7 Kxf7 7. Bb3 Be7 8.
Nc3 dxe4 9. Qe2 Re8 10. f3 exd3 11. cxd3 Nd4 12. Qf2 Nxb3 13. axb3 Qxd3 14. Bd2
Nd5 15. Ne4 e5 16. h4 Bf5 17. Ng5+ Kg8 18. Ra4 Qb1+ 19. Ke2 Bd3# 0-1

[Event "Summer Team Tournament 2020"]
[Site "Skype"]
[Date "????.??.??"]
[Round "2"]
[White "Legueltel, Daniel"]
[Black "Loaisiga Perez, Carlos Alberto"]
[Result "0-1"]
[WhiteElo "1747"]
[BlackElo "1374"]
[PlyCount "36"]

1. e4 c5 2. Nf3 d6 3. d4 cxd4 4. Nxd4 Nf6 5. Nc3 g6 6. Be2 Bg7 7. Bg5 Qa5 8.
Qd2 O-O 9. O-O Bd7 10. Bh6 Nc6 11. Bxg7 Kxg7 12. f4 Qc5 13. Rad1 e5 14. fxe5
dxe5 15. Ncb5 Nxd4 16. Nxd4 exd4 17. Kh1 Nxe4 18. Bd3 Nxd2 0-1

[Event "Summer Team Tournament 2020"]
[Site "Skype"]
[Date "????.??.??"]
[Round "2"]
[White "Chamorro Cajina, Ivan Antonio"]
[Black "Hurtado De Mendoza, Ramon Miguel"]
[Result "0-1"]
[WhiteElo "1000"]
[BlackElo "1549"]
[PlyCount "94"]

1. e4 g6 2. Be2 Bg7 3. d4 d6 4. e5 dxe5 5. dxe5 Qxd1+ 6. Bxd1 Bxe5 7. Nf3 Bg7
8. O-O b6 9. Re1 Bb7 10. c3 Nc6 11. Bb3 e6 12. Bf4 Rc8 13. Na3 a6 14. Rad1 Nge7
15. Bc4 O-O 16. Bg5 Nf5 17. Nc2 h6 18. Bf4 Na5 19. Ne3 Bxf3 20. gxf3 Nxc4 21.
Nxc4 b5 22. Na5 c5 23. Nb7 Nh4 24. Re3 e5 25. Rd7 exf4 26. Ree7 Rfe8 27. Rxe8+
Rxe8 28. Kf1 c4 29. Nd6 Re6 30. Nxf7 b4 31. cxb4 Bxb2 32. Nd8 Re8 33. a4 Bc3
34. Rd1 Bb2 35. Nc6 c3 36. Nd4 Rd8 37. b5 axb5 38. axb5 c2 39. Nxc2 Rxd1+ 40.
Ke2 Rd5 41. b6 Bc3 42. Ne3 Rd2+ 43. Kf1 fxe3 44. fxe3 Nxf3 45. b7 Be5 46. h4
Bg3 47. h5 Rf2# 0-1

[Event "Summer Team Tournament 2020"]
[Site "Skype"]
[Date "????.??.??"]
[Round "2"]
[White "Rodriguez, Nathalie"]
[Black "Mendoza Lainez, Ricardo Jose"]
[Result "0-1"]
[WhiteElo "1335"]
[BlackElo "1226"]
[PlyCount "68"]

1. d4 d5 2. Bf4 Nc6 3. a3 f6 4. Nc3 e5 5. dxe5 fxe5 6. Bg3 Nf6 7. Nf3 Bc5 8. e3
O-O 9. Nxe5 Nxe5 10. Bxe5 Bg4 11. Be2 Qd7 12. Bg3 Rae8 13. Bf4 d4 14. Na2 Qf5
15. h3 Kh8 16. hxg4 Qe6 17. Qd3 Ne4 18. g3 dxe3 19. Bxe3 Rd8 20. Bd4 Bxd4 21.
O-O-O Bxb2+ 22. Kxb2 Rxd3 23. Bxd3 Qb6+ 24. Kc1 Nxf2 25. Rxh7+ Kg8 26. Re1
Nxd3+ 27. cxd3 Kxh7 28. Rh1+ Kg6 29. Rh5 Rf1+ 30. Kd2 Qb2+ 31. Ke3 Qf2+ 32. Ke4
Re1+ 33. Kd5 c6+ 34. Kd6 Qxg3+ 0-1

[Event "Summer Team Tournament 2020"]
[Site "Skype"]
[Date "????.??.??"]
[Round "2"]
[White "Jarquin, Santiago Antonio"]
[Black "Hargez, Dany"]
[Result "*"]
[WhiteElo "1000"]
[BlackElo "1177"]
[PlyCount "22"]

1. d4 d5 2. Bf4 Bf5 3. e3 Be4 4. Nd2 Nf6 5. c4 c6 6. Be2 Bxg2 7. Bd3 Bxh1 8.
Ne2 e6 9. e4 Bd6 10. Be3 Ng4 11. exd5 Nxe3 *

[Event "Summer Team Tournament 2020"]
[Site "Skype"]
[Date "????.??.??"]
[Round "2"]
[White "Alvarez, Juan Evangelista"]
[Black "Figueroa, Tomas"]
[Result "0-1"]
[WhiteElo "1575"]
[BlackElo "2093"]
[PlyCount "58"]

1. e4 e6 2. d4 d5 3. Nc3 Bb4 4. Qd3 dxe4 5. Qxe4 Nf6 6. Qd3 O-O 7. Bd2 Nc6 8.
O-O-O Qxd4 9. Nf3 Qxd3 10. Bxd3 Bd7 11. Bg5 Nd5 12. Nxd5 exd5 13. Bb5 Be6 14.
Bxc6 bxc6 15. Nd4 Bd7 16. h4 Rfe8 17. h5 h6 18. Be3 Bd6 19. Rh4 c5 20. Ne2 d4
21. Nxd4 cxd4 22. Rdxd4 Bc6 23. g4 Be5 24. Rd1 Bf3 25. g5 hxg5 26. Bxg5 Bxd1
27. Kxd1 Bxb2 28. h6 Bc3 29. hxg7 Re1# 0-1

[Event "Summer Team Tournament 2020"]
[Site "Skype"]
[Date "????.??.??"]
[Round "2"]
[White "Marino, Giuseppe"]
[Black "Simone, Valeria"]
[Result "1/2-1/2"]
[WhiteElo "1465"]
[BlackElo "1453"]
[PlyCount "98"]

1. d4 Nf6 2. Nf3 e6 3. Bf4 c5 4. e3 cxd4 5. exd4 Be7 6. Bd3 b6 7. O-O Bb7 8. c3
Bxf3 9. Qxf3 d5 10. Nd2 Bd6 11. Bb5+ Ke7 12. Bxd6+ Qxd6 13. Nc4 Qc7 14. Ne5 a6
15. Bd3 Nbd7 16. Rfe1 b5 17. Qg3 Nxe5 18. Qxe5 Qxe5 19. Rxe5 Nd7 20. Re3 Nb6
21. b3 Rac8 22. Rc1 Rc7 23. f4 g6 24. g4 Nd7 25. f5 gxf5 26. Bxf5 Kd6 27. Bd3
Rg8 28. h3 h5 29. Rg3 hxg4 30. Rxg4 Rxg4+ 31. hxg4 Ke7 32. a4 b4 33. c4 dxc4
34. Rxc4 Rxc4 35. Bxc4 a5 36. Kf2 Kd6 37. g5 Nb6 38. Bd3 Kd5 39. Ke3 Nc8 40. g6
fxg6 41. Bxg6 Ne7 42. Be4+ Kd6 43. Kf4 Nd5+ 44. Bxd5 Kxd5 45. Ke3 e5 46. dxe5
Kxe5 47. Kd3 Kd5 48. Ke3 Ke5 49. Kd3 Kd5 1/2-1/2

[Event "Summer Team Tournament 2020"]
[Site "Skype"]
[Date "????.??.??"]
[Round "2"]
[White "Pasasin, Alejandro"]
[Black "Mantelli, Luca"]
[Result "0-1"]
[WhiteElo "1251"]
[BlackElo "1388"]
[PlyCount "102"]

1. d4 d5 2. c4 e6 3. Nc3 Nf6 4. e3 c5 5. Nf3 Nc6 6. Be2 cxd4 7. exd4 Be7 8. Bf4
O-O 9. O-O a6 10. c5 b6 11. Na4 bxc5 12. Nxc5 Qb6 13. Be3 Bxc5 14. dxc5 Qxb2
15. Qb1 Qxe2 16. Qb6 Qb5 17. Rfb1 Qxb6 18. Rxb6 Bd7 19. Rab1 Rfb8 20. Bf4 Rxb6
21. cxb6 Re8 22. Ne5 Nb8 23. a4 Bxa4 24. Rb4 Bb5 25. b7 Re7 26. Be3 Rxb7 27. f4
Re7 28. Bc5 Rc7 29. Bd4 Nc6 30. Nxc6 Rxc6 31. h3 Nd7 32. g4 h6 33. Kf2 f6 34.
h4 e5 35. fxe5 fxe5 36. Ba1 d4 37. Kf3 Kf7 38. Ke4 Nc5+ 39. Kd5 Kf6 40. Rxb5
axb5 41. Kxc6 d3 42. Bc3 Ne4 43. Bb4 Nf2 44. Kxb5 Nxg4 45. Kc4 Nf2 46. Bc3 Kf5
47. Kd5 e4 48. Bd2 g5 49. hxg5 hxg5 50. Be3 g4 51. Bxf2 d2 0-1

[Event "Summer Team Tournament 2020"]
[Site "Skype"]
[Date "????.??.??"]
[Round "2"]
[White "Zanotti, Damiano"]
[Black "Martinez, Danny"]
[Result "0-1"]
[WhiteElo "1000"]
[BlackElo "1000"]
[PlyCount "90"]

1. e4 e5 2. Nf3 Nc6 3. Bb5 Nf6 4. Nc3 Be7 5. Bxc6 dxc6 6. Nxe5 O-O 7. d4 Be6 8.
Nf3 Re8 9. e5 Nd5 10. Nxd5 Qxd5 11. O-O c5 12. c3 Rad8 13. b3 cxd4 14. cxd4 Bb4
15. Bd2 Qa5 16. Bxb4 Qxb4 17. Rc1 c6 18. Ng5 Rxd4 19. Qc2 g6 20. Nf3 Bf5 21.
Qb2 Rd5 22. Rfe1 Red8 23. a3 Qe7 24. h3 Rc5 25. b4 Rxc1 26. Qxc1 Kg7 27. Qc3 f6
28. exf6+ Qxf6 29. Qe3 Kf8 30. Ng5 Qg7 31. g4 Bc8 32. Qc5+ Kg8 33. Qc4+ Kf8 34.
Re6 Qg8 35. Qf4+ Kg7 36. Re7+ Kh6 37. Ne6+ g5 38. Qf6+ Qg6 39. Qf8+ Rxf8 40.
Nxf8 Qg8 41. Nxh7 Kg6 42. h4 Bxg4 43. hxg5 Qd8 44. Re4 Qd1+ 45. Kg2 Qf3+ 0-1

[Event "Summer Team Tournament 2020"]
[Site "Skype"]
[Date "????.??.??"]
[Round "2"]
[White "Hilton, Stephen"]
[Black "Melle, Ezio"]
[Result "1/2-1/2"]
[WhiteElo "1741"]
[BlackElo "1659"]
[PlyCount "50"]

1. Nf3 d5 2. d4 Nf6 3. e3 e6 4. Bd3 c5 5. b3 Nc6 6. O-O Be7 7. Bb2 cxd4 8. Nxd4
O-O 9. Nxc6 bxc6 10. Nd2 a5 11. Qf3 Ba6 12. Qh3 Bxd3 13. cxd3 Qb6 14. g4 h6 15.
f4 Nh7 16. Rf3 Bf6 17. d4 c5 18. dxc5 Qxc5 19. Bxf6 Nxf6 20. g5 hxg5 21. fxg5
Nh7 22. Qh5 Qc3 23. Rd1 Qe5 24. Rh3 Qxg5+ 25. Qxg5 Nxg5 1/2-1/2

[Event "Summer Team Tournament 2020"]
[Site "Skype"]
[Date "????.??.??"]
[Round "2"]
[White "Ryan, Lea"]
[Black "Ibanez, Bittor"]
[Result "0-1"]
[WhiteElo "1371"]
[BlackElo "1000"]
[PlyCount "34"]

1. d4 d5 2. Bf4 Nc6 3. e3 e5 4. dxe5 Be6 5. Nf3 f6 6. exf6 Nxf6 7. Bd3 Bd6 8.
Bg3 Bg4 9. Nbd2 Qe7 10. c4 d4 11. O-O Bxg3 12. hxg3 O-O-O 13. exd4 Nxd4 14. Re1
Qd6 15. Qa4 Kb8 16. Rab1 Bd7 17. Rbc1 Bxa4 0-1

[Event "Summer Team Tournament 2020"]
[Site "Skype"]
[Date "????.??.??"]
[Round "2"]
[White "Abate, Luigi"]
[Black "Codina, Teresa"]
[Result "0-1"]
[WhiteElo "1134"]
[BlackElo "1189"]
[PlyCount "98"]

1. c4 e6 2. Nc3 d5 3. cxd5 exd5 4. g3 Nf6 5. Bg2 c6 6. d4 Be7 7. h3 O-O 8. Nf3
Nbd7 9. O-O Nb6 10. Qd3 Be6 11. Ng5 g6 12. Nxe6 fxe6 13. Bg5 Rf7 14. Qe3 Qd6
15. Bf4 Qd7 16. Rac1 Nc4 17. Qd3 Nxb2 18. Qc2 Nc4 19. Na4 Nb6 20. Nc5 Bxc5 21.
dxc5 Nc4 22. Rcd1 Qe8 23. Rfe1 Rd8 24. e4 b5 25. e5 Nh5 26. Bg5 Rdd7 27. g4 Nf4
28. Bxf4 Rxf4 29. a4 a6 30. axb5 axb5 31. Qa2 Rdf7 32. Rf1 Nxe5 33. Rde1 Nd3
34. Re3 Nxc5 35. Ra3 Qd7 36. Ra7 Qd6 37. Ra8+ Kg7 38. Qa1+ d4 39. Bxc6 e5 40.
Bxb5 d3 41. Be8 Re7 42. Bb5 d2 43. Be2 Re4 44. Bd1 Re1 45. f4 Rxf1+ 46. Kxf1
Qd3+ 47. Kf2 Ne4+ 48. Kg2 Qg3+ 49. Kf1 Qf2# 0-1

[Event "Summer Team Tournament 2020"]
[Site "Skype"]
[Date "????.??.??"]
[Round "2"]
[White "Lambert, Pierre"]
[Black "Bourdeau, Yvan"]
[Result "1-0"]
[WhiteElo "1829"]
[BlackElo "1622"]
[PlyCount "61"]

1. e4 c5 2. Nf3 d5 3. e5 e6 4. c3 Nc6 5. d4 Qb6 6. a3 a5 7. Be2 Nh6 8. O-O cxd4
9. cxd4 Nf5 10. Nc3 Nfxd4 11. Nxd4 Nxd4 12. Be3 Nxe2+ 13. Qxe2 d4 14. Qb5+ Qxb5
15. Nxb5 dxe3 16. Nc7+ Kd7 17. Nxa8 exf2+ 18. Kh1 Bc5 19. Rac1 b6 20. b4 axb4
21. axb4 Bb7 22. bxc5 Bxa8 23. cxb6 Rb8 24. Rxf2 Rxb6 25. Rxf7+ Ke8 26. Rxg7
Kf8 27. Rxh7 Kg8 28. Rhc7 Bd5 29. Kg1 Rb2 30. R1c2 Rb4 31. Rd7 1-0

[Event "Summer Team Tournament 2020"]
[Site "Skype"]
[Date "????.??.??"]
[Round "2"]
[White "Abate, Leonardo"]
[Black "Sauvaget, Joel"]
[Result "1/2-1/2"]
[WhiteElo "1000"]
[BlackElo "1467"]
[PlyCount "40"]

1. d4 d5 2. c4 e6 3. Nc3 Nf6 4. Bf4 c6 5. e3 Nbd7 6. Nf3 Be7 7. cxd5 exd5 8.
Bd3 Nh5 9. Bg3 Nxg3 10. hxg3 h6 11. Ne2 Nf6 12. Nf4 Bg4 13. Qc2 Qc7 14. Ne5 Bd6
15. Nxg4 Nxg4 16. Rh4 Nf6 17. e4 dxe4 18. Bxe4 Nxe4 19. Qxe4+ Qe7 20. Qxe7+
Bxe7 1/2-1/2

[Event "Summer Team Tournament 2020"]
[Site "Skype"]
[Date "????.??.??"]
[Round "2"]
[White "Le Bouill, Pierre"]
[Black "Briere, Jean"]
[Result "1/2-1/2"]
[WhiteElo "1308"]
[BlackElo "1388"]
[PlyCount "55"]

1. Nf3 d5 2. d4 Nf6 3. Bf4 e6 4. e3 Bd6 5. Bg3 O-O 6. Bd3 Nc6 7. a3 Re8 8. O-O
e5 9. dxe5 Nxe5 10. Bxe5 Bxe5 11. Nc3 Bxc3 12. bxc3 Ne4 13. Bxe4 dxe4 14. Nd4
Bd7 15. h3 c5 16. Ne2 Bb5 17. Re1 Qa5 18. Rb1 Rad8 19. Qc1 b6 20. Nf4 g6 21.
Qb2 Bc4 22. Red1 Qa4 23. Rxd8 Rxd8 24. Qa1 Qxc2 25. Rc1 Qa4 26. Re1 Qc6 27. Rd1
Rxd1+ 28. Qxd1 1/2-1/2

[Event "Summer Team Tournament 2020"]
[Site "Skype"]
[Date "????.??.??"]
[Round "2"]
[White "Schnell, Nicolas"]
[Black "Vervoort, Jean-Louis"]
[Result "0-1"]
[WhiteElo "1104"]
[BlackElo "1180"]
[PlyCount "78"]

1. e4 e5 2. Nf3 Nc6 3. Bc4 d6 4. b3 g6 5. d3 Be7 6. Bd5 Nb4 7. Bc4 Bg4 8. h3
Bxf3 9. Qxf3 Nxc2+ 10. Kf1 Nxa1 11. Qxf7+ Kd7 12. Bg5 Qf8 13. Be6+ Kc6 14. Bd5+
Kb6 15. Be3+ c5 16. Qe6 Rc8 17. b4 Kc7 18. bxc5 dxc5 19. Qxe5+ Kb6 20. Qe6+ Bd6
21. e5 Re8 22. Bxc5+ Ka5 23. Qg4 Bxc5 24. Qe2 Rxe5 25. Qd2+ Bb4 26. Nc3 Rxd5
27. f3 Qf5 28. d4 Qg5 29. Qd3 Qc1+ 30. Nd1 Ne7 31. a3 Bxa3 32. f4 Qxf4+ 33. Ke1
Rxd4 34. Qxa3+ Ra4 35. Qc5+ Ka6 36. Qxe7 Re4+ 37. Qxe4 Qxe4+ 38. Kd2 Rd8+ 39.
Kc1 Qc2# 0-1